| 000 | 00462pab a2200169 454500 | ||
|---|---|---|---|
| 008 | 180718b2007 xxu||||| |||| 00| 0 eng d | ||
| 100 | _aSharma, Jyotrimaya | ||
| 245 | _aHistory and revenge and retaliation: rereading Savarkar's the war of independence of 1857 | ||
| 260 | _c2007 | ||
| 300 | _ap.1717-719. | ||
| 362 | _a12 May | ||
| 650 | _aIndia - History | ||
| 650 | _aHistory | ||
| 773 | _aEconomic and Political Weekly | ||
| 908 | _aN | ||
| 909 | _a73997 | ||
| 999 |
_c73997 _d73997 |
||